| 000 | 00479nam a22001577a 4500 | ||
|---|---|---|---|
| 999 |
_c110594 _d110594 |
||
| 005 | 20190201092530.0 | ||
| 008 | 190201b ||||| |||| 00| 0 eng d | ||
| 020 | _a9783319475745 | ||
| 040 | _cPK-LaUMT | ||
| 082 |
_a956.053 _bBRE-D |
||
| 100 | _aBrecher, Michael | ||
| 245 |
_aDynamics of the Arab-Israel conflict : _bpast and present : intellectual odyssey II / _cby M ichael Brecher |
||
| 260 |
_aSwitzerland : _bPalgrave Macmillan, _c2017 |
||
| 300 | _a410 p. | ||
| 942 | _cBK | ||